000 00258nam a2200097Ia 4500
001 1064202
005 20250827001711.0
008 250824s9999 xx 000 0 und d
245 0 _aÖZGÜRLÜĞE KAÇIŞIM
_cALİYA İZZETBEGOVİÇ
260 _bKETEBE YAYINLARI
999 _c1064202
_d1064202